Gender basics : (Record no. 3088)
[ view plain ]
| 000 -LEADER | |
|---|---|
| fixed length control field | 00789cam a2200229 a 4500 |
| 001 - CONTROL NUMBER | |
| control field | 11882881 |
| 005 - DATE AND TIME OF LATEST TRANSACTION | |
| control field | 20250127100539.0 |
| 008 - FIXED-LENGTH DATA ELEMENTS--GENERAL INFORMATION | |
| fixed length control field | 000106s2000 cau b 000 0 eng |
| 020 ## - INTERNATIONAL STANDARD BOOK NUMBER | |
| International Standard Book Number | 0534528392 |
| 050 00 - LIBRARY OF CONGRESS CALL NUMBER | |
| Classification number | HQ1075 |
| Item number | .G462 2000 |
| 082 00 - DEWEY DECIMAL CLASSIFICATION NUMBER | |
| Classification number | 305.3 |
| Edition information | 21 |
| 245 00 - TITLE STATEMENT | |
| Title | Gender basics : |
| Remainder of title | feminist perspectives on women and men / |
| Statement of responsibility, etc. | [edited by] Anne Minas. |
| 250 ## - EDITION STATEMENT | |
| Edition statement | 2nd ed. |
| 260 ## - PUBLICATION, DISTRIBUTION, ETC. | |
| Place of publication, distribution, etc. | Belmont, CA : |
| Name of publisher, distributor, etc. | Wadsworth/Thomson Learning, |
| Date of publication, distribution, etc. | 2000. |
| 300 ## - PHYSICAL DESCRIPTION | |
| Extent | xvi, 557 p. ; |
| Dimensions | 24 cm. |
| 650 #0 - SUBJECT ADDED ENTRY--TOPICAL TERM | |
| Topical term or geographic name entry element | Sex role. |
| 650 #0 - SUBJECT ADDED ENTRY--TOPICAL TERM | |
| Topical term or geographic name entry element | Feminist theory. |
| 700 1# - ADDED ENTRY--PERSONAL NAME | |
| Personal name | Minas, Anne. |
| 856 42 - ELECTRONIC LOCATION AND ACCESS | |
| Materials specified | Publisher description |
| Uniform Resource Identifier | <a href="http://www.loc.gov/catdir/enhancements/fy1103/00020517-d.html">http://www.loc.gov/catdir/enhancements/fy1103/00020517-d.html</a> |
| 856 41 - ELECTRONIC LOCATION AND ACCESS | |
| Materials specified | Table of contents only |
| Uniform Resource Identifier | <a href="http://www.loc.gov/catdir/enhancements/fy1215/00020517-t.html">http://www.loc.gov/catdir/enhancements/fy1215/00020517-t.html</a> |
| 942 ## - ADDED ENTRY ELEMENTS (KOHA) | |
| Source of classification or shelving scheme | Library of Congress Classification |
| Koha item type | Books |
| Suppress in OPAC | No |
| 999 ## - | |
| -- | 3088 |
| -- | 3088 |
| Withdrawn status | Lost status | Source of classification or shelving scheme | Damaged status | Not for loan | Collection | Home library | Current library | Shelving location | Date acquired | Total checkouts | Full call number | Barcode | Date last seen | Copy number | Price effective from | Koha item type |
|---|---|---|---|---|---|---|---|---|---|---|---|---|---|---|---|---|
| Library of Congress Classification | Non-fiction | Undergraduate Library (Christ Temple) | Undergraduate Library (Christ Temple) | General stacks | 01/27/2025 | HQ1075.G462 MIN | ulct00000978 | 01/27/2025 | 1 | 01/27/2025 | Books |